[Event "Pan American-ch Hybrid U18 Girls 31st"]
[Site "Tornelo INT"]
[Date "2021.09.04"]
[Round "5"]
[White "Pena Gonzalez, Clara Isabel"]
[Black "Benito, De Leo Estefania"]
[Result "1-0"]
[WhiteElo "1845"]
[BlackElo "1647"]
[PlyCount "125"]
[EventDate "2021.09.04"]
[EventType "swiss"]
[EventRounds "9"]
[EventCountry "NET"]
[SourceTitle "EXT 2023"]
[Source "ChessBase"]
[SourceDate "2022.10.05"]
[SourceVersion "1"]
[SourceVersionDate "2022.10.05"]
[SourceQuality "1"]

1. e4 e5 2. Nf3 Nc6 3. Bb5 a6 4. Ba4 Nf6 5. d3 b5 6. Bb3 Be7 7. Nbd2 d6 8. c3 0-0 9. Nf1 Na5 10. Bc2 c5 11. Ng3 Nc6 12. 0-0 h6 13. Re1 Be6 14. a4 Qc7 15. Nh4 Rfe8 16. Nhf5 Bf8 17. Qf3 Nh7 18. h4 Ne7 19. Bb1 Qc6 20. Qg4 Kh8 21. Nxe7 Bxe7 22. Nf5 Bf8 23. h5 Qd7 24. Ba2 Bxa2 25. Rxa2 Qe6 26. Ra1 Nf6 27. Qf3 Kh7 28. axb5 axb5 29. Rxa8 Rxa8 30. d4 cxd4 31. cxd4 exd4 32. Nxd4 Qe5 33. Qf5+ Qxf5 34. exf5 Nxh5 35. Nxb5 Nf6 36. Bf4 d5 37. Be5 Bb4 38. Rd1 Rd8 39. Nc7 Ng4 40. Rxd5 Rc8 41. Bg3 Ba5 42. Rxa5 Rd8 43. Ra1 Rd2 44. b4 Rb2 45. Nd5 h5 46. f3 Nh6 47. f6 Nf5 48. Be5 Rd2 49. Ne7 gxf6 50. Nxf5 fxe5 51. Rb1 Kg6 52. Ne3 Kg5 53. b5 Kf4 54. Nc4 Rc2 55. b6 Kg3 56. Ne3 Re2 57. b7 Rxe3 58. b8Q Re2 59. Qg8+ Kh4 60. Rb4+ e4 61. fxe4 Re3 62. e5+ Re4 63. Rxe4# 1-0

[Event "VEN-ch U17 Girls"]
[Site "Caracas"]
[Date "2019.08.09"]
[Round "5"]
[White "Guillen Carrillo, Macjos Neritza"]
[Black "Pena Gonzalez, Clara Isabel"]
[Result "1-0"]
[WhiteElo "1551"]
[BlackElo "1784"]
[PlyCount "107"]
[EventDate "2019.08.07"]
[EventType "swiss"]
[EventRounds "9"]
[EventCountry "VEN"]
[SourceTitle "EXT 2020"]
[Source "ChessBase"]
[SourceDate "2019.10.17"]
[SourceVersion "1"]
[SourceVersionDate "2019.10.17"]
[SourceQuality "1"]

1. c4 Nf6 2. Nc3 d5 3. cxd5 Nxd5 4. d4 g6 5. e4 Nxc3 6. bxc3 Bg7 7. Nf3 c5 8. Rb1 Nc6 9. Bb5 0-0 10. Bxc6 bxc6 11. 0-0 Bg4 12. Be3 Bxf3 13. Qxf3 cxd4 14. Bxd4 Bxd4 15. cxd4 Qxd4 16. Rfd1 Qe5 17. Rbc1 Rac8 18. Qe3 a6 19. Rc5 Qb2 20. Ra5 Rfd8 21. Rxd8+ Rxd8 22. g3 Qb1+ 23. Kg2 Rd3 24. Qa7 Qb4 25. Re5 e6 26. Qa8+ Kg7 27. Qxc6 Qd6 28. Qxd6 Rxd6 29. Ra5 Kf8 30. e5 Rc6 31. f4 Ke7 32. Kf3 Kd7 33. Kg4 h6 34. h4 Ke7 35. Ra3 Kd7 36. Rb3 Ke7 37. Rb7+ Kf8 38. Ra7 h5+ 39. Kg5 Kg7 40. g4 Rc2 41. f5 gxf5 42. gxf5 Rc5 43. f6+ Kh7 44. Rxf7+ Kg8 45. Rg7+ Kf8 46. Kg6 Rc2 47. Ra7 Rg2+ 48. Kxh5 Rxa2 49. Re7 a5 50. Rxe6 a4 51. Re7 a3 52. Ra7 Rf2 53. Kg6 Rg2+ 54. Kf5 1-0

[Event "VEN-ch U17 Girls"]
[Site "Caracas"]
[Date "2019.08.08"]
[Round "4"]
[White "Pena Gonzalez, Clara Isabel"]
[Black "Perez Hernandez, Vicmary C"]
[Result "1-0"]
[WhiteElo "1784"]
[BlackElo "1739"]
[PlyCount "79"]
[EventDate "2019.08.07"]
[EventType "swiss"]
[EventRounds "9"]
[EventCountry "VEN"]
[SourceTitle "EXT 2020"]
[Source "ChessBase"]
[SourceDate "2019.10.17"]
[SourceVersion "1"]
[SourceVersionDate "2019.10.17"]
[SourceQuality "1"]

1. e4 c5 2. Nc3 Nc6 3. f4 g6 4. Nf3 Bg7 5. Bc4 d6 6. 0-0 e6 7. d3 Nge7 8. Qe1 0-0 9. f5 exf5 10. Qh4 h5 11. Bg5 Qd7 12. Bb5 f6 13. Bc4+ Kh7 14. Bf4 fxe4 15. dxe4 Ne5 16. Nxe5 dxe5 17. Be3 b6 18. Rad1 Qg4 19. Qe1 Bb7 20. Be2 Qe6 21. g4 Bh6 22. Bxh6 Kxh6 23. Qd2+ g5 24. Qd7 Bc8 25. Qxe6 Bxe6 26. Rd6 Bxg4 27. Bxg4 hxg4 28. Rdxf6+ Rxf6 29. Rxf6+ Kg7 30. Re6 Ng6 31. Nd5 Kf7 32. Rf6+ Kg7 33. Rf5 Kh6 34. Nf6 Rd8 35. Nxg4+ Kh5 36. Nf6+ Kh4 37. Nd5 Rd7 38. Rf6 Nf4 39. Rh6+ Kg4 40. Nf6+ 1-0

[Event "VEN-ch (Women)"]
[Site "Bolivariana"]
[Date "2019.04.16"]
[Round "5"]
[White "Vargas Ortiz, Grecia Valentina"]
[Black "Pena Gonzalez, Clara Isabel"]
[Result "0-1"]
[WhiteElo "1602"]
[BlackElo "1751"]
[PlyCount "119"]
[EventDate "2019.04.13"]
[EventType "tourn"]
[EventRounds "10"]
[EventCountry "VEN"]
[SourceTitle "CBM 190 Extra"]
[Source "ChessBase"]
[SourceDate "2019.07.15"]
[SourceVersion "1"]
[SourceVersionDate "2019.07.15"]
[SourceQuality "1"]

1. Nf3 Nf6 2. c4 b6 3. Nc3 Bb7 4. e3 c5 5. Be2 g6 6. 0-0 Bg7 7. d4 0-0 8. d5 d6 9. e4 Nbd7 10. Ne1 Ba6 11. Be3 Ne8 12. Qd2 e6 13. Bh6 e5 14. Bxg7 Kxg7 15. f4 exf4 16. Rxf4 Ne5 17. b3 Nf6 18. Nd3 Nfd7 19. Raf1 Nxd3 20. Qxd3 Bc8 21. Nd1 Qe7 22. Nf2 Ne5 23. Qg3 f5 24. Nd3 Kh8 25. exf5 Bxf5 26. Qf2 Kg8 27. Qg3 Bxd3 28. Bxd3 Rxf4 29. Rxf4 Rf8 30. Rxf8+ Kxf8 31. Qf4+ Qf7 32. Qxf7+ Kxf7 33. Be4 Kf6 34. Kf2 Kg5 35. Kg3 a5 36. h3 a4 37. Bc2 axb3 38. axb3 h6 39. h4+ Kf6 40. Kf4 g5+ 41. hxg5+ hxg5+ 42. Ke4 Nd7 43. Bd1 Ne5 44. Bh5 Nd7 45. Bg4 Ne5 46. Be6 Ng6 47. g3 Ne5 48. Ke3 Ke7 49. Kd2 Nf3+ 50. Kc3 Nd4 51. Bg4 Kf6 52. b4 Ke5 53. bxc5 bxc5 54. Bh5 Nf5 55. g4 Ne3 56. Kd3 Kf4 57. Bf7 Nxg4 58. Be6 Ne5+ 59. Kc3 g4 60. Bc8 0-1

[Event "Barquisimeto Cup Lara op"]
[Site "Barquisimeto"]
[Date "2019.02.16"]
[Round "4.2"]
[White "Pena Gonzalez, Clara Isabel"]
[Black "Suarez Sierralta, Jesus Raul"]
[Result "1-0"]
[WhiteElo "1700"]
[BlackElo "1862"]
[PlyCount "69"]
[EventDate "2019.02.15"]
[EventType "swiss"]
[EventRounds "5"]
[EventCountry "VEN"]
[SourceTitle "EXT 2022"]
[Source "ChessBase"]
[SourceDate "2021.10.06"]
[SourceVersion "1"]
[SourceVersionDate "2021.10.06"]
[SourceQuality "1"]

1. e4 c5 2. Nc3 Nc6 3. f4 d6 4. Nf3 g6 5. Bc4 Bg7 6. 0-0 e6 7. d3 Nge7 8. Qe1 0-0 9. f5 exf5 10. Qh4 h5 11. Bg5 Be6 12. Nd5 Re8 13. Nf6+ Bxf6 14. Bxf6 Bxc4 15. dxc4 Qd7 16. Qg5 Kh7 17. Qf4 Nd8 18. Ng5+ Kg8 19. Rad1 Nc8 20. e5 Nc6 21. Ne4 Kh7 22. Nxd6 Nxd6 23. Rxd6 Qc7 24. Rfd1 Nd4 25. Qf2 Rf8 26. c3 Ne6 27. Rd7 Qc8 28. g4 fxg4 29. Be7 Nd4 30. Bxf8 Qxd7 31. Bxc5 Nf3+ 32. Qxf3 gxf3 33. Rxd7 b6 34. Bd4 g5 35. Rxf7+ 1-0

[Event "VEN-ch U20 Girls"]
[Site "Maracay"]
[Date "2018.05.31"]
[Round "3"]
[White "Pena Gonzalez, Clara Isabel"]
[Black "Avila Castillo, Barbara Angelica"]
[Result "1-0"]
[WhiteElo "1812"]
[BlackElo "1443"]
[PlyCount "83"]
[EventDate "2018.05.31"]
[EventType "swiss"]
[EventRounds "7"]
[EventCountry "VEN"]
[SourceTitle "EXT 2019"]
[Source "ChessBase"]
[SourceDate "2018.10.10"]
[SourceVersion "1"]
[SourceVersionDate "2018.10.10"]
[SourceQuality "1"]

1. e4 d6 2. d4 Nf6 3. Nc3 g6 4. Bg5 Bg7 5. e5 dxe5 6. dxe5 Qxd1+ 7. Rxd1 Nfd7 8. Nd5 Bxe5 9. Nf3 Bd6 10. Bxe7 Na6 11. Bxd6 cxd6 12. Bxa6 bxa6 13. Nc7+ Kd8 14. Nxa8 Bb7 15. Rxd6 Kc8 16. Kd2 Bxa8 17. Rxa6 Kb8 18. Re1 Nc5 19. Ra5 Rd8+ 20. Ke2 Nb7 21. Re5 Rc8 22. c3 Nc5 23. Re7 Bd5 24. b3 Be6 25. Nd4 Ne4 26. c4 Nc3+ 27. Kd3 Nxa2 28. Nxe6 fxe6 29. R1xe6 Rd8+ 30. Ke3 Rd1 31. Kf3 Rd3+ 32. Re3 Rxe3+ 33. fxe3 h5 34. c5 Nb4 35. Rg7 Nd3 36. Ke4 Nxc5+ 37. Kd5 Nxb3 38. Rxg6 Na5 39. e4 Nb7 40. Ra6 Nd8 41. e5 Kb7 42. Ra1 1-0